00490nam a22001697a 450000500170000001000350001702000260005203500270007803700220010503700210012708200060014810000190015424500360017326000320020927000540024130000250029520140606105341.0 aB-457125 B-460871-875  a9789380658650c495.00 aB-457125 B-460871-875 adplbK.K.Pub/ Ven bVirtuous Pub/Ven aN aShehryar Fazli aInvitation /cby Shehryar Fazli aNew DelhibTranquebarc2011 a47,Brij Mohan Road, Darya GanjbNew Delhie110002 aIX, 325p..c19cm(Hb)